Statistics for Most Populted Cities in 2000

Click here to take the quiz!

General Stats

  • This quiz has been taken 12 times
  • The average score is 12 of 15

Answer Stats

#PopulationCity% Correct
316,3 mio peopleNew York City
100%
415,0 mio peopleShanghai
100%
126,8 mio peopleTokyo
100%
612,5 mio peopleMumbai
92%
812,3 mio peopleBeijing
83%
712,4 mio peopleLos Angeles
83%
515,0 mio peopleMexico City
83%
911,6 mio peopleSeoul
83%
1111,2 mio peopleBuenos Aires
75%
1011,5 mio peopleJakarta
75%
1410,6 mio peopleOsaka
75%
216,4 mio peopleSão Paulo
67%
1210,9 mio peopleKolkata
58%
1510,2 mio peopleLagos
50%
1310,6 mio peopleTianjin
33%

Score Distribution

Percentile by Number Answered

Percent of People with Each Score

Your Score History

You have not taken this quiz